Taylor Swift - Paroles Love Story - Statistiques

Statistiques générales
  • Ce quiz a été pris 834 fois
  • Le résultat moyen est 308 sur 385
Statistiques - réponses
Hint Réponse % Correct
a
99%
I
99%
you
99%
you,
99%
and
96%
And
96%
me
96%
me,
96%
be
95%
Romeo,
95%
Refrain "Romeo
95%
Refrain "Romeo,
95%
the
95%
Couplet 1 We
95%
we
95%
Juliet"
94%
Juliet,
94%
love
94%
say
94%
my
93%
My
93%
alone
92%
Couplet 2 So
92%
so
92%
to
92%
were
91%
we're
91%
dad,
90%
story,
90%
when
90%
When
90%
baby,
89%
just
89%
said,
89%
said
89%
yes"
89%
yes
89%
do
88%
it
88%
take
88%
young
88%
first
87%
go"
87%
go
87%
He
87%
It's
87%
it's
87%
saw
87%
in
86%
know
86%
your
86%
can
85%
Pré-refrain That
85%
don't
84%
Don't
84%
from
84%
I'll
84%
somewhere
84%
close
83%
away
82%
both
82%
eyes
82%
is
82%
Is
82%
"Stay
82%
all
81%
daddy
81%
prince,
81%
waiting,
81%
waiting
81%
You'll
81%
you'll
81%
On
80%
on
80%
princess
80%
was
79%
have
78%
never
78%
"Please
78%
there
78%
But
77%
but
77%
"Marry
77%
this
76%
This
76%
See
75%
see
75%
save
74%
for
73%
out
73%
real
73%
summer
72%
that's
71%
'cause
70%
Pré-refrain 'Cause
70%
flashback
70%
Little
70%
little
70%
air
69%
feel
69%
standing
68%
did
67%
"Hello"
67%
balcony
66%
come
66%
dress
66%
Begging
65%
begging
65%
head?
65%
what
65%
white
65%
been
64%
I've
64%
ring
64%
ground
63%
I'm
63%
lights,
63%
really
62%
crying
61%
keep
61%
run
61%
starts
61%
talked
61%
ever
60%
of
60%
feeling
59%
oh,
59%
oh
59%
Oh,
59%
oh-oh
59%
oh-oh,
59%
think"
59%
make
58%
party,
58%
pick
58%
garden
57%
if
56%
scarlet
55%
sneak
54%
staircase
54%
afraid,
52%
they
52%
around
50%
got
50%
tired
50%
while,
50%
coming
49%
everything
49%
pulled
49%
difficult,
48%
letter
48%
throwing
48%
town
48%
way
48%
we'll
48%
crowd
47%
how
47%
tell
47%
ball
46%
knew
45%
quiet
45%
left
44%
Wondering
44%
through
42%
dead
41%
faith
41%
mess
41%
pebbles
41%
fading
39%
knelt
38%
met
38%
gowns
37%
Escape
36%
there's
33%
trying
31%
they're
29%
outskirts
23%
Aucun quiz correspondant
Distribution des résultats
% des personnes avec chaque résultat
Percentile par nombre de réponses
Votre historique - résultats
Vous n’avez pas pris ce quiz